Nationalism in the vernacular : (Record no. 153788)

MARC details
000 -LEADER
fixed length control field 00569nam a22001697a 4500
005 - DATE AND TIME OF LATEST TRANSACTION
control field 20180710162322.0
010 ## - LCCN (DPL NO)
LC control number ENG-123433
020 ## - INTERNATIONAL STANDARD BOOK NUMBER
International Standard Book Number 9788178245294
Terms of availability 695.00
035 ## - SYSTEM CONTROL NUMBER
System control number EN-106965
037 ## - SOURCE OF ACQUISITION
Source of stock number/acquisition DBAD/PUB
082 ## - DEWEY DECIMAL CLASSIFICATION NUMBER
Classification number 820.9
245 ## - TITLE STATEMENT
Title Nationalism in the vernacular :
Statement of responsibility, etc ed. by Shobna Nijhawan
Remainder of title hindi, urdu, and the literature of indian freedom /
260 ## - PUBLICATION, DISTRIBUTION, ETC. (IMPRINT)
Place of publication, distribution, etc Ranikhet
Name of publisher, distributor, etc Permanent Black
Date of publication, distribution, etc 2018
270 ## - ADDRESS
Address Himalayana, Mall Road, Ranikhet Cantt.
City Ranikhet
Postal code 263645
300 v# - PHYSICAL DESCRIPTION
Extent xvii,517p.
Dimensions 21cm(pbk)
942 ## - ADDED ENTRY ELEMENTS (KOHA)
Source of classification or shelving scheme Dewey Decimal Classification
Item type English Books
Call number suffix NAT
Classification part 820.9
Holdings
Withdrawn status Lost status Not for loan Collection code Home library Current library Date acquired Source of acquisition Cost, normal purchase price Full call number Barcode Copy number Cost, replacement price Koha item type
    Not For Loan Non-fiction D.B.Act.Division Central Library 11/07/2018 DBAD/PUB 695.00 820.9 NAT EN-106965 1 695.00 English Books

© Delhi Public Library
Hit Counter
free hit counter